<?xml version="1.0" encoding="UTF-8"?><?xml-stylesheet type="text/xsl" href="static/style.xsl"?><OAI-PMH xmlns="http://www.openarchives.org/OAI/2.0/" xmlns:xsi="http://www.w3.org/2001/XMLSchema-instance" xsi:schemaLocation="http://www.openarchives.org/OAI/2.0/ http://www.openarchives.org/OAI/2.0/OAI-PMH.xsd"><responseDate>2026-04-17T06:21:03Z</responseDate><request verb="GetRecord" identifier="oai:www.recercat.cat:20.500.12328/974" metadataPrefix="marc">https://recercat.cat/oai/request</request><GetRecord><record><header><identifier>oai:recercat.cat:20.500.12328/974</identifier><datestamp>2025-05-19T13:58:37Z</datestamp><setSpec>com_2072_67741</setSpec><setSpec>col_2072_484354</setSpec></header><metadata><record xmlns="http://www.loc.gov/MARC21/slim" xmlns:dcterms="http://purl.org/dc/terms/" xmlns:xsi="http://www.w3.org/2001/XMLSchema-instance" xmlns:doc="http://www.lyncode.com/xoai" xsi:schemaLocation="http://www.loc.gov/MARC21/slim http://www.loc.gov/standards/marcxml/schema/MARC21slim.xsd">
   <leader>00925njm 22002777a 4500</leader>
   <datafield ind2=" " ind1=" " tag="042">
      <subfield code="a">dc</subfield>
   </datafield>
   <datafield ind2=" " ind1=" " tag="720">
      <subfield code="a">Vidal Raméntol, Salvador</subfield>
      <subfield code="e">author</subfield>
   </datafield>
   <datafield ind2=" " ind1=" " tag="260">
      <subfield code="c">2015</subfield>
   </datafield>
   <datafield ind2=" " ind1=" " tag="520">
      <subfield code="a">Desde que el mundo existe el hombre ha necesitado de las matemáticas para llevar a cabo su desarrollo. Ahora, igual que en la prehistoria, la matemática nos facilita la vida, no podemos pensar nuestra vida sin la ayuda de los números, nuestro DNI, edad, código postal, teléfono, VISA, IBAN, temperatura, día, mes, año,… Desde esta perspectiva debemos conseguir que nuestros hijos, alumnos, tengan una buena preparación matemática y para ello debemos, primero de todo, conseguir una actitud positiva hacia ella, debemos hacernos amigos de los números. Las investigaciones científicas indican que los niños con mayores posibilidades para tener éxito en el aprendizaje de cualquier materia son aquellos cuyos padres apoyan su aprendizaje de manera activa.1 Debemos conseguir que ellos mismos se vean capaces de resolver problemas, como tomar medidas, devolver un cambio, solucionar una sopa de números. Podemos incluso conseguir que se diviertan con las matemáticas. Una buena actitud hacia las matemáticas, facilita su aprendizaje.</subfield>
   </datafield>
   <datafield ind1="8" ind2=" " tag="024">
      <subfield code="a">Vidal Raméntol, Salvador. El juego de las matemáticas. A: Institut d’Estudis Superiors de la Família (IESF). II International Conference Family and Society. Barcelona, 24-25/09/2014. Barcelona: Institut d’Estudis Superiors de la Família, Universitat Internacional de Catalunya, 2015, p. 503-518. ISBN 978-84-606-8395-7</subfield>
   </datafield>
   <datafield ind1="8" ind2=" " tag="024">
      <subfield code="a">9788460683957</subfield>
   </datafield>
   <datafield ind1="8" ind2=" " tag="024">
      <subfield code="a">http://hdl.handle.net/20.500.12328/974</subfield>
   </datafield>
   <datafield tag="653" ind2=" " ind1=" ">
      <subfield code="a">Familia</subfield>
   </datafield>
   <datafield tag="653" ind2=" " ind1=" ">
      <subfield code="a">Educación</subfield>
   </datafield>
   <datafield tag="653" ind2=" " ind1=" ">
      <subfield code="a">Matemáticas</subfield>
   </datafield>
   <datafield tag="653" ind2=" " ind1=" ">
      <subfield code="a">Família</subfield>
   </datafield>
   <datafield tag="653" ind2=" " ind1=" ">
      <subfield code="a">Autoestima</subfield>
   </datafield>
   <datafield tag="653" ind2=" " ind1=" ">
      <subfield code="a">Self-esteem</subfield>
   </datafield>
   <datafield tag="653" ind2=" " ind1=" ">
      <subfield code="a">Matemàtica</subfield>
   </datafield>
   <datafield tag="653" ind2=" " ind1=" ">
      <subfield code="a">Mathematics</subfield>
   </datafield>
   <datafield ind2="0" ind1="0" tag="245">
      <subfield code="a">El juego de las matemáticas</subfield>
   </datafield>
</record></metadata></record></GetRecord></OAI-PMH>